Normal view
MARC view
- COMPUTER SOFTWARE-COSTS.SOFTWARE COST ESTIMATION.SOFTWARE COST ESTIMATION WITH COCOMO-II
Entry Topical Term
001 - CONTROL NUMBER
- control field: 69111
003 - CONTROL NUMBER IDENTIFIER
- control field: NUST
005 - DATE AND TIME OF LATEST TRANSACTION
- control field: 20210628204156.0
008 - FIXED-LENGTH DATA ELEMENTS
- fixed length control field: 210628|| aca||aabn | a|a d
040 ## - CATALOGING SOURCE
- Original cataloging agency: NUST
- Transcribing agency: NUST
150 ## - HEADING--TOPICAL TERM
- Topical term or geographic name entry element: COMPUTER SOFTWARE-COSTS.SOFTWARE COST ESTIMATION.SOFTWARE COST ESTIMATION WITH COCOMO-II
670 ## - SOURCE DATA FOUND
- Source citation: Work cat.: (NUST): Boehm, Barry.W, Abts, Chris, Brown , Winsor 69110, Software cost estimation with cocomo ii, 2000
